| 000 | 01854cam a2200325 4500 | ||
|---|---|---|---|
| 001 | 8389 | ||
| 003 | OCoLC | ||
| 005 | 20181127185805.0 | ||
| 008 | 040106s2004 moua b 001 0 eng | ||
| 010 | _a2004040246 | ||
| 020 | _a0323014879 | ||
| 020 |
_a032303649X _c(pbk) |
||
| 082 |
_a612.6 _b _2 |
||
| 100 | 1 | _aCarlson, Bruce M | |
| 245 | 1 | 0 |
_aHuman embryology and developmental biology / _cBruce M. Carlson |
| 250 | _a3rd ed | ||
| 260 |
_aSt. Louis, Mo. : _bMosby, _cc2004 |
||
| 300 |
_axv, 527 p. : _bcol. ill. ; _c28 cm |
||
| 500 | _a""Online access + interactive extras"" | ||
| 500 | _aUpdated ed. of: Human embryology & developmental biology / Bruce M. Carlson. 3rd ed. c2004 | ||
| 504 | _aIncludes bibliographical references and index | ||
| 505 | 0 | _aDevelopmental tables -- Early development and the fetal-maternal relationship -- Getting ready for pregnancy -- Transport of gametes and fertilization -- Cleavage and implantation -- Molecular basis for embryonic development -- Formation of germ layers and early derivatives -- Establishment of the basic embryonic body plan -- Placenta and extraembryonic membranes -- Developmental disorders : causes, mechanisms, and patterns -- Development of the body systems -- Integumentary, skeletal and muscular systems -- Limb development -- Nervous system -- Neural crest -- Sense organs -- Head and neck -- Digestive and respiratory systems and body cavities -- Urogenital system - Cardiovascular system -- Fetal period and birth -- Answers to clinical vignettes and review questions | |
| 650 | 0 | _aDevelopmental biology | |
| 650 | 0 | _aEmbryology, Human | |
| 650 | 0 | _aHuman growth | |
| 650 | 1 | 2 |
_aEmbryonic Development _xphysiology |
| 650 | 1 | 2 |
_aFetal Development _xphysiology |
| 700 | 1 |
_aCarlson, Bruce M. _tHuman embryology & developmental biology |
|
| 999 |
_c7250 _d7250 |
||